000 00925nam a2200253Ia 4500
003 OSt
005 20220923224247.0
006 a|||||r|||| 00| 0
007 ta
008 220922b |||||||| |||| 00| 0 hin d
024 _a230,140
037 _cTextual
040 _aARTS
_cARTS
_bhin
041 _2hin
_ahin
082 _aO157,4M160aM65x, 152P4
100 _aसाहा, रणजीत, अनु.
245 0 _aकाल पत्र
_b रवीन्द्रनाथ - रामानन्द पत्र संसार
246 _aKāl patra: ravīndranāth - rāmānanda patra sansāra
260 _aदिल्ली
_b ग्रंथलोक
_c2004
300 _a271पृ.
_ccm.
650 _aबंगाली साहित्य
_9156264
942 _hO157,4M160aM65x, 152P4
_cTEXL
_2CC
999 _c370263
_d370263